000 00274nam a22001337a 4500
008 170405b xxu||||| |||| 00| 0 eng d
020 _a9780070427167
041 _aeng
080 _a574
100 _a9
101 _aSHM
245 _aECOLOGY
_cMOLLES.M.C
942 _2udc
_cBK
999 _c9817
_d9817